000 01372nam a2200289 a 4500
003 BLK
005 20250408173939.0
008 180829b bul||||| |||| 00| 0 bul d
020 _a9786190214014
040 _aBLK
041 _aBUL
_cBUL
080 _aШведска литература
_b821.113.6
_z821.113.6-31
100 _aАбрахамсон, Еми
_9494581
139 _bА 12
245 _aКак да се влюбиш в мъж, който живее в храст
_cЕми Абрахамсон ; прев. от швед. Стела Джелепова
260 _bКолибри
_c2024
_aСофия
300 _a296 с.
_c20 см
380 _aX
490 _9488743
_aПоредица Europa
500 _aОриг. загл.: Hur man förälskar sig i en man som bor i en buske / Emmy Abrahamson Бележка за преводача: с. 291 Биогр. данни за авт. отбелязани на гърба на кор. Поредица Europa - от млади творци за млади читатели: с. 293-295
700 _9442939
_aДжелепова, Стела Алексеева
_eпрев. от швед.
852 _aЦб 324435
_bЦб
852 _bП
_c821-31/А 12 Е
942 _cKNG
_n0
_043
_s1
944 _cНора Радева
_k30576
_lЦветомила Тодорова
944 _aED
_c2025-01-15
_kМ.Я.
999 _c517132
_d517132